• 首页
  • 本馆介绍
  • 公告通知
  • 最新文献
  • 馆藏检索
  • 电子资源
  • 读者导购
  • 参考咨询
  • 我的图书馆
  • 登录
  • 详细信息显示
  • 放入我的书架
  • 预约/预借图书
  • 作者相关作品
  • 分类相关作品
  • 丛书相关作品
  • 出版社相关作品

书目信息

  • 表格格式
  • 工作单格式
  • 卡片格式
书名: Forest measurements
作者: Thomas Eugene Avery, Harold E. Burkhart.
分册号:
分册名:
出版地: New York :
 
出版社: McGraw-Hill
出版时间: c1983.
页数: xviii, 331 p. :
开本: 24 cm.
丛书名: McGraw-Hill series in forest resources
中图分类号:
科图分类号:
其他分类号: S75
主题词:
电子资源:
000 01013pam a2200301 a 450
001 E0753050447
005 20070427144516.79
008 820804s1983 nyua b 001 0 eng
010    @a82016184
020    @a0070025037 :@c$25.00.
035    @A(DLC) 82016184
040    @aDLC@cDLC@dDLC
050 00 @aSD555@b.A93 1983
082 00 @a634.9/285@2 19
090    @aS75
099    @dS75@ex3
100 1  @aAvery, Thomas Eugene.
245 10 @aForest measurements / @cThomas Eugene Avery, Harold E. Burkhart.
250    @a3rd ed.
260    @aNew York :@bMcGraw-Hill,@cc1983.
300    @axviii, 331 p. :@bill. ;@c24 cm.
440  0 @aMcGraw-Hill series in forest resources
500    @aRev. ed. of: Natural resources measurements. 2nd ed. 1974, c1975.
500    @aIncludes bibliographies and index.
650  0 @aForests and forestry@xMensuration.
700 1  @aBurkhart, Harold E.
906    @a7@bcbc@corignew@d1@eocip@f19@gy-gencatlg
991    @bc-GenColl@hSD555@i.A93 1983@p00019266631@tCopy 1@wBOOKS
    
    Forest measurements / / Thomas Eugene Avery, Harold E. Burkhart.-3rd ed.-New York : : McGraw-Hill, , c1983.
    xviii, 331 p. : : ill. ; ; 24 cm.- (McGraw-Hill series in forest resources )
    Rev. ed. of: Natural resources measurements. 2nd ed. 1974, c1975.-Includes bibliographies and index.
    
    ISBN 0070025037 :$25.00.
    
●
相关链接 在E读中查询图书 在五车中查询图书 在当当中查询图书 在豆瓣中查询图书


正题名:Forest measurements     索取号:S75/x3         预约/预借

序号 登录号 条形码 馆藏地/架位号 状态 备注
1 5761   300057612   第二样本阅览室/ [索取号:S75/x3] 在馆    
2 5762   300057621   第四借阅区/ [索取号:S75/x3] 在馆    
唐山师范学院图书馆 欢迎您!
大连网信软件有限公司© 版权所有